000 00552nam a22001697a 4500
003 UA-OsUOA
001 14706
007 ta
008 20031017b un ||||| |||| 00| 0 ukr d
942 _cSA
040 _aUA-OsUOA
_cUA-OsUOA
_dUA-OsUOA
245 _aПро історію училища розповідає музей [, який створений у ВПУ N22 м.Сарни ]
300 _aС.1
955 _a0
773 0 _w0
_tЗа відродження
_dРівне
_d2003
_g№36/5 верес./
650 7 _aКраєзнавча робота
_2UDC
999 _c300870
_d300870